Incentives and institutional reform in tax enforcement : (Record no. 66696)

MARC details
000 -LEADER
fixed length control field 00697nam a22001697a 4500
005 - DATE AND TIME OF LATEST TRANSACTION
control field 20120516110656.0
020 ## - INTERNATIONAL STANDARD BOOK NUMBER
International Standard Book Number 0195652126
Terms of availability 325.00
035 ## - SYSTEM CONTROL NUMBER
System control number B-28143
037 ## - SOURCE OF ACQUISITION
Stock number DPL
Source of stock number/acquisition ENG
100 ## - MAIN ENTRY--PERSONAL NAME
Personal name Gupta, Arindam Das
245 ## - TITLE STATEMENT
Title Incentives and institutional reform in tax enforcement :
Remainder of title An analysis of developing country experience /
Statement of responsibility, etc by Arindam Das Gupta and Dilip Mookherjee
260 ## - PUBLICATION, DISTRIBUTION, ETC. (IMPRINT)
Place of publication, distribution, etc New Delhi
Name of publisher, distributor, etc Oxford University Press
Date of publication, distribution, etc 2000
300 ## - PHYSICAL DESCRIPTION
Extent xv, 478p.
Dimensions 20 cms.
700 ## - ADDED ENTRY--PERSONAL NAME
Personal name Mookherjee, Dilip
9 (RLIN) 47161
942 ## - ADDED ENTRY ELEMENTS (KOHA)
Source of classification or shelving scheme Dewey Decimal Classification
Item type English Books
Classification part 336.205
Call number suffix GUP
Holdings
Withdrawn status Lost status Not for loan Collection code Home library Current library Date acquired Cost, normal purchase price Full call number Barcode Cost, replacement price Koha item type
      Non-fiction Sarojini Nagar Sarojini Nagar 16/05/2012 325.00 336.205 GUP B-28143 325.00 English Books

© Delhi Public Library
Hit Counter
free hit counter